De-Lovely (Record no. 1141)

MARC details
000 -LEADER
fixed length control field 04106cgm a2200829Ia 4500
003 - CONTROL NUMBER IDENTIFIER
control field data
005 - DATE AND TIME OF LATEST TRANSACTION
control field 20260322212048.0
007 - PHYSICAL DESCRIPTION FIXED FIELD--GENERAL INFORMATION
fixed length control field data
008 - FIXED-LENGTH DATA ELEMENTS--GENERAL INFORMATION
fixed length control field data
020 ## - INTERNATIONAL STANDARD BOOK NUMBER
International Standard Book Number 0792863631
020 ## - INTERNATIONAL STANDARD BOOK NUMBER
International Standard Book Number 9780792863632
020 ## - INTERNATIONAL STANDARD BOOK NUMBER
International Standard Book Number 0792863658
020 ## - INTERNATIONAL STANDARD BOOK NUMBER
International Standard Book Number 9780792863656
024 1# - OTHER STANDARD IDENTIFIER
Standard number or code 027616914378
028 40 - PUBLISHER OR DISTRIBUTOR NUMBER
Publisher or distributor number 1007346
Source MGM Home Entertainment
040 ## - CATALOGING SOURCE
Original cataloging agency TEFMT
Transcribing agency TEFMT
Modifying agency OSS
-- OCLCQ
-- OCL
-- OCLCQ
-- UMC
-- VPI
-- ASC
-- OCLCQ
-- KL8
-- OCLCA
-- Z88
-- BTCTA
-- STF
-- SINAP
-- KZV
-- NRAMU
-- NLC
-- HALAN
-- OCLCA
-- OSS
041 1# - LANGUAGE CODE
Language code of text/sound track or separate title spa
-- fre
-- spa
Language code of subtitles spa
-- fre
-- spa
Language code of original eng
043 ## - GEOGRAPHIC AREA CODE
Geographic area code n-us---
050 #4 - LIBRARY OF CONGRESS CALL NUMBER
Classification number PN1997 .D278
Item number W775 2004
099 ## - LOCAL FREE-TEXT CALL NUMBER (OCLC)
Classification number DVD 937
001 - CONTROL NUMBER
control field data
245 10 - TITLE STATEMENT
Title De-Lovely
Medium [videorecording] /
Statement of responsibility, etc. Irwin Winkler ... [et al.].
250 ## - EDITION STATEMENT
Edition statement Widescreen format (16:9); Special ed.
260 ## - PUBLICATION, DISTRIBUTION, ETC.
Place of publication, distribution, etc. Santa Monica, California :
Name of publisher, distributor, etc. MGM Home Entertainment,
Date of publication, distribution, etc. c2004.
300 ## - PHYSICAL DESCRIPTION
Extent 1DVD videodisc (125 min.) : sd., col. ;
Other physical details 4 3/4 in.
Dimensions 4 3/4 in.
500 ## - GENERAL NOTE
General note Special features: optional audio commentary by director Irwin Wnkler and Kevin Kline; optional audio commentary by director Irwin Winkler and writer Jay Cocks; "Making of De-Lovely" featurette (26 min.); "Music of De-Lovely" featurette (16 min.); "Anatomy of a scene: Be a clown" featurette (6 min.); "Anatomy of a scene: Love for sale" short (4 min.); deleted scenes (14 min.); original theatrical trailer (3 min.); soundtrack TV spot (1 min.)
506 ## - RESTRICTIONS ON ACCESS NOTE
Terms governing access Restricted: For teaching purposes only.
508 ## - CREATION/PRODUCTION CREDITS NOTE
Creation/production credits note Music & lyrics by Cole Porter ; music arranged and produced by Stephen Endelman ; director of photography, Tony Pierce-Roberts ; editor, Julie Monroe.
511 1# - PARTICIPANT OR PERFORMER NOTE
Participant or performer note Kevin Kline, Ashley Judd, Jonathan Pryce, Kevin McNally, Sandra Nelson, Allan Corduner, Peter Polycarpou, Keith Allen, James Wilby.
511 0# - PARTICIPANT OR PERFORMER NOTE
Participant or performer note Musical performers: Robbie Williams, Lemar, Elvis Costello, Alanis Morrisette, John Barrowman, Caroline O'Connor, Sheryl Crow, Mick Hucknall, Diana Krall, Vivian Green, Lara Fabian, Mario Frangoulis, Natalie Cole.
520 ## - SUMMARY, ETC.
Summary, etc. A musical portrait of American composer Cole Porter. The film imagines Porter looking back on his life as a stage show, with past memories taking shape as numbers in an elaborate and elegant musical accompanied by his songs. His personal history is illustrated by these performances, especially the complicated relationship with his wife, wealthy socialite Linda Lee Porter, who is shown as being the main inspiration for his work despite his extramarital affairs.
521 8# - TARGET AUDIENCE NOTE
Target audience note MPAA rating: PG-13; for sexual content.
538 ## - SYSTEM DETAILS NOTE
System details note DVD, region 1; Dolby Digital 5.1 surround, stereo surround.
546 ## - LANGUAGE NOTE
Language note In English, or dubbed French or dubbed Spanish, with optional English, French or Spanish subtitles.
546 ## - LANGUAGE NOTE
Language note Closed-captioned.
600 10 - SUBJECT ADDED ENTRY--PERSONAL NAME
Personal name Porter, Cole,
Dates associated with a name 1891-1964
Form subdivision Drama.
600 10 - SUBJECT ADDED ENTRY--PERSONAL NAME
Personal name Porter, Cole,
Dates associated with a name 1891-1964
Form subdivision Teatro.
Source of heading or term bidex.
650 #0 - SUBJECT ADDED ENTRY--TOPICAL TERM
Topical term or geographic name entry element Musical films
Form subdivision Drama.
Geographic subdivision United States
650 #0 - SUBJECT ADDED ENTRY--TOPICAL TERM
Topical term or geographic name entry element Husband and wife
Form subdivision Drama.
650 #0 - SUBJECT ADDED ENTRY--TOPICAL TERM
Topical term or geographic name entry element Closeted gays
Form subdivision Drama.
650 #0 - SUBJECT ADDED ENTRY--TOPICAL TERM
Topical term or geographic name entry element Compositores (Música)
Form subdivision Teatro.
Geographic subdivision Estados Unidos
Source of heading or term bidex.
650 #0 - SUBJECT ADDED ENTRY--TOPICAL TERM
Topical term or geographic name entry element Musicals
Form subdivision Feature.
Source of heading or term migfg.
655 #0 - INDEX TERM--GENRE/FORM
Genre/form data or focus term Feature films.
655 #0 - INDEX TERM--GENRE/FORM
Genre/form data or focus term Musical films.
655 #0 - INDEX TERM--GENRE/FORM
Genre/form data or focus term Biographical films.
655 #0 - INDEX TERM--GENRE/FORM
Genre/form data or focus term Films for the hearing impaired.
700 1# - ADDED ENTRY--PERSONAL NAME
Personal name Winkler, Irwin.
700 1# - ADDED ENTRY--PERSONAL NAME
Personal name Cocks, Jay.
700 1# - ADDED ENTRY--PERSONAL NAME
Personal name Cowan, Rob.
700 1# - ADDED ENTRY--PERSONAL NAME
Personal name Winkler, Charles.
700 1# - ADDED ENTRY--PERSONAL NAME
Personal name Porter, Cole,
Dates associated with a name 1891-1964.
700 1# - ADDED ENTRY--PERSONAL NAME
Personal name Kline, Kevin.
700 1# - ADDED ENTRY--PERSONAL NAME
Personal name Judd, Ashley.
700 1# - ADDED ENTRY--PERSONAL NAME
Personal name Pryce, Jonathan.
700 1# - ADDED ENTRY--PERSONAL NAME
Personal name McNally, Kevin.
700 1# - ADDED ENTRY--PERSONAL NAME
Personal name Nelson, Sandra,
Dates associated with a name 1962-
700 1# - ADDED ENTRY--PERSONAL NAME
Personal name Williams, Robbie.
700 1# - ADDED ENTRY--PERSONAL NAME
Personal name Lemar.
700 1# - ADDED ENTRY--PERSONAL NAME
Personal name Costello, Elvis.
700 1# - ADDED ENTRY--PERSONAL NAME
Personal name Morissette, Alanis.
700 1# - ADDED ENTRY--PERSONAL NAME
Personal name Barrowman, John,
Dates associated with a name 1968-
700 1# - ADDED ENTRY--PERSONAL NAME
Personal name O'Connor, Caroline,
Dates associated with a name 1962-
700 1# - ADDED ENTRY--PERSONAL NAME
Personal name Crow, Sheryl.
700 1# - ADDED ENTRY--PERSONAL NAME
Personal name Hucknall, Mick.
700 1# - ADDED ENTRY--PERSONAL NAME
Personal name Krall, Diana.
700 1# - ADDED ENTRY--PERSONAL NAME
Personal name Green, Vivian,
Titles and other words associated with a name vocalist.
700 1# - ADDED ENTRY--PERSONAL NAME
Personal name Fabian, Lara,
Dates associated with a name 1970-
700 1# - ADDED ENTRY--PERSONAL NAME
Personal name Frangoulis, Mario.
700 1# - ADDED ENTRY--PERSONAL NAME
Personal name Cole, Natalie,
Dates associated with a name 1950-
710 2# - ADDED ENTRY--CORPORATE NAME
Corporate name or jurisdiction name as entry element Metro-Goldwyn-Mayer Pictures.
710 2# - ADDED ENTRY--CORPORATE NAME
Corporate name or jurisdiction name as entry element MGM Home Entertainment Inc.
Holdings
Withdrawn status Lost status Damaged status Not for loan Home library Current library Shelving location Date acquired Total checkouts Full call number Barcode Date last seen Price effective from Koha item type
        Centerville Centerville General stacks 22/03/2026   PN1997 .D278 W775 2004 BC0011179 22/03/2026 22/03/2026 Books